<?xml version="1.0" encoding="UTF-8"?>
<record
    xmlns:xsi="http://www.w3.org/2001/XMLSchema-instance"
    xsi:schemaLocation="http://www.loc.gov/MARC21/slim http://www.loc.gov/standards/marcxml/schema/MARC21slim.xsd"
    xmlns="http://www.loc.gov/MARC21/slim">

  <leader>00821nam a2200229 a 4500</leader>
  <controlfield tag="001">C01488750c-6</controlfield>
  <controlfield tag="003">CO-ViMGA</controlfield>
  <controlfield tag="005">20230915233139.0</controlfield>
  <controlfield tag="008">150826s2012    sp     gr     00010 spa d</controlfield>
  <datafield tag="020" ind1=" " ind2=" ">
    <subfield code="a">9788493834562</subfield>
  </datafield>
  <datafield tag="040" ind1=" " ind2=" ">
    <subfield code="a">CO-ViMGA</subfield>
    <subfield code="b">spa</subfield>
    <subfield code="c">CO-ViMGA</subfield>
  </datafield>
  <datafield tag="082" ind1="0" ind2="4">
    <subfield code="a">851.15 </subfield>
    <subfield code="b">B35m1 </subfield>
    <subfield code="2">19</subfield>
  </datafield>
  <datafield tag="100" ind1="1" ind2=" ">
    <subfield code="a">Benigni, Roberto, </subfield>
    <subfield code="d">1952-</subfield>
    <subfield code="9">4391</subfield>
  </datafield>
  <datafield tag="245" ind1="1" ind2="0">
    <subfield code="a">Mi Dante / </subfield>
    <subfield code="c">Roberto Benigni ; pr&#xF3;logo de Umberto Eco ; traducci&#xF3;n de Jos&#xE9; Palacios.</subfield>
  </datafield>
  <datafield tag="260" ind1=" " ind2=" ">
    <subfield code="a">[Madrid?] : </subfield>
    <subfield code="b">Editorial Confluencias, </subfield>
    <subfield code="c">2012.</subfield>
  </datafield>
  <datafield tag="300" ind1=" " ind2=" ">
    <subfield code="a">216 p&#xE1;ginas ; </subfield>
    <subfield code="c">19 cm.</subfield>
  </datafield>
  <datafield tag="490" ind1="1" ind2=" ">
    <subfield code="a">Colecci&#xF3;n Apeninos ; </subfield>
    <subfield code="v">1</subfield>
  </datafield>
  <datafield tag="600" ind1="1" ind2="4">
    <subfield code="a">Dante, Alighieri, </subfield>
    <subfield code="d">1265-1321. </subfield>
    <subfield code="t">Divina Comedia</subfield>
    <subfield code="x"> Cr&#xED;tica e interpretaci&#xF3;n.</subfield>
    <subfield code="9">4392</subfield>
  </datafield>
  <datafield tag="700" ind1="1" ind2=" ">
    <subfield code="a">Eco, Umberto, </subfield>
    <subfield code="d">1932-, </subfield>
    <subfield code="e">prologuista.</subfield>
    <subfield code="9">4393</subfield>
  </datafield>
  <datafield tag="700" ind1="1" ind2=" ">
    <subfield code="a">Palacios, Jos&#xE9;, </subfield>
    <subfield code="e">traductor.</subfield>
    <subfield code="9">4394</subfield>
  </datafield>
  <datafield tag="942" ind1=" " ind2=" ">
    <subfield code="2">ddc</subfield>
    <subfield code="c">BK</subfield>
  </datafield>
  <datafield tag="999" ind1=" " ind2=" ">
    <subfield code="c">35737</subfield>
    <subfield code="d">35737</subfield>
  </datafield>
  <datafield tag="952" ind1=" " ind2=" ">
    <subfield code="0">1</subfield>
    <subfield code="1">0</subfield>
    <subfield code="2">ddc</subfield>
    <subfield code="4">4</subfield>
    <subfield code="7">0</subfield>
    <subfield code="8">003</subfield>
    <subfield code="a">MEVIECAR</subfield>
    <subfield code="b">MEVIECAR</subfield>
    <subfield code="d">2016-08-26</subfield>
    <subfield code="l">0</subfield>
    <subfield code="o">851.15 B35m1 </subfield>
    <subfield code="p">30961</subfield>
    <subfield code="r">2016-08-26 00:00:00</subfield>
    <subfield code="t">Ej. 1</subfield>
    <subfield code="w">2016-08-26</subfield>
    <subfield code="y">BK</subfield>
  </datafield>
</record>
